000 00375 a2200169 4500
001 69475
020 _a8516041360
040 _cAnchieta - Itaigara
100 _aCosta, Wagner
240 1 0 _aDas Dores & Já Passou
_lpor
245 1 0 _aDas Dores & Já Passou
300 _a32
362 0 _a2004
440 1 _aModerna
650 4 _aLiteratura infanto-juvenil
942 _cBK
999 _c69475
_d69475